| Tag |
First Indicator |
Second Indicator |
Subfields |
| LEADER |
00000cam a2200000 4500 |
| 001 |
in00000058647 |
| 005 |
20151008050445.0 |
| 008 |
741206s1951 nyu 00000 eng u |
| 010 |
|
|
|a 52003372
|
| 035 |
|
|
|a (OCoLC)01100287
|
| 035 |
|
|
|9 AAG1140AM
|
| 040 |
|
|
|c OSU
|d TXA
|d UtOrBLW
|
| 049 |
|
|
|a TXAM
|c [205620]
|
| 050 |
0 |
0 |
|a H57
|b .S6 1951
|
| 082 |
0 |
|
|a 307.2
|
| 092 |
|
|
|a 307.S678f
|
| 110 |
2 |
|
|a Social Science Research Council (U.S.)
|
| 245 |
1 |
0 |
|a Fellows of the Social Science Research Council, 1925-1951.
|
| 264 |
|
1 |
|a New York,
|b [publisher not identified] ;
|c 1951.
|
| 300 |
|
|
|a x, 473 pages ;
|c 24 cm.
|
| 336 |
|
|
|a text
|b txt
|2 rdacontent
|
| 337 |
|
|
|a unmediated
|b n
|2 rdamedia
|
| 338 |
|
|
|a volume
|b nc
|2 rdacarrier
|
| 650 |
|
0 |
|a Scholarships
|z United States.
|
| 651 |
|
0 |
|a United States
|v Biography.
|
| 999 |
|
|
|a MARS
|
| 999 |
f |
f |
|s fe4b6965-5987-3bb0-9792-48bc6eacab45
|i 33dacc96-7c5f-3f60-9ee0-2a4dbf22f78d
|t 0
|
| 952 |
f |
f |
|p ric
|a Texas A&M University
|b Rellis Campus
|c Joint Library Facility
|d Remote Storage
|t 0
|e H57 .S6 1951
|h Library of Congress classification
|i unmediated -- volume
|m A14800646196
|
| 998 |
f |
f |
|a H57 .S6 1951
|t 0
|l Remote Storage
|